Famous people from Northamptonshire, England, UK. By Picture - Statistics

General Stats
  • This quiz has been taken 15 times
  • The average score is 4 of 12
Answer Stats
Picture Answer % Correct
Vicky McClure
64%
Jermaine Jenas
55%
Samantha Morton
55%
Jake Bugg
45%
Robert Lindsay
45%
Bella Ramsey
36%
Carl Froch
27%
Lennie James
27%
Mathew Horne
27%
Bruce Dickinson
18%
Paul Smith
18%
Jay McGuiness
9%
No matching quizzes found
Score Distribution
Percent of People with Each Score
Percentile by Number Answered
Your Score History
You have not taken this quiz